[Event "Deutsche Ländermeisterschaft 2017"]
[Site "Hannover GER"]
[Date "2017.10.04"]
[Round "7"]
[White "Ratay, Meike"]
[Black "Riegel, Arinna"]
[Result "1/2-1/2"]
[Termination "normal"]
[Board "8.5"]
[WhiteElo "1812"]
[BlackElo "1918"]
[WhiteTeam "Thüringen"]
[BlackTeam "Baden 2"]
[PlyCount "62"]
[WhiteFideId "12977608"]
[BlackFideId "12931446"]
[EventCountry "GER"]
[EventRounds "7"]
[EventType "team-swiss"]
[EventDate "2017.09.29"]

1. e4 d5 2. exd5 Qxd5 3. Nc3 Qd6 4. d4 Nf6 5. Nf3 c6 6. Ne5 Nbd7 7. Nc4 Qc7 8.
Qf3 Nb6 9. Bf4 Qd8 10. Be5 Nbd5 11. h3 Nxc3 12. Qxc3 Bf5 13. O-O-O Nd5 14. Qd2
e6 15. c3 Be7 16. Bd3 Bg5 17. Ne3 Bxd3 18. Qxd3 Bf6 19. Nc4 O-O 20. Kb1 Be7 21.
Rhe1 b5 22. Ne3 Nxe3 23. Qxe3 Bd6 24. Qg3 Bxe5 25. Rxe5 Qf6 26. Rd3 Rfd8 27.
Rf3 Qg6+ 28. Qxg6 hxg6 29. Kc2 Rd5 30. Rxd5 cxd5 31. Rd3 Kf8 1/2-1/2

[Event "Deutsche Ländermeisterschaft 2017"]
[Site "Hannover GER"]
[Date "2017.10.04"]
[Round "7"]
[White "Lohrmann, Tabea"]
[Black "Nguyen, Ha Thanh"]
[Result "0-1"]
[Termination "normal"]
[Board "8.6"]
[WhiteElo "1708"]
[BlackElo "1919"]
[WhiteTeam "Baden 2"]
[BlackTeam "Thüringen"]
[PlyCount "54"]
[WhiteFideId "12911941"]
[BlackFideId "12942154"]
[EventCountry "GER"]
[EventRounds "7"]
[EventType "team-swiss"]
[EventDate "2017.09.29"]

1. e4 c5 2. Nf3 Nc6 3. d4 cxd4 4. Nxd4 g6 5. c4 Bg7 6. Nc2 Nf6 7. Nc3 O-O 8.
Be3 d6 9. f3 Be6 10. Rc1 Nd7 11. Qd2 a5 12. b3 Nc5 13. Rb1 Qd7 14. Be2 Rfc8 15.
O-O Qd8 16. a3 h5 17. Rfc1 Kh7 18. Nd4 Nxd4 19. Bxd4 Bxd4+ 20. Qxd4 a4 21. bxa4
Nxa4 22. Nxa4 Rxa4 23. Rxb7 Rxa3 24. Ra1 Rxa1+ 25. Qxa1 Rb8 26. Qa6 Qc8 27. Rb6
Qc5+ 0-1

[Event "Deutsche Ländermeisterschaft 2017"]
[Site "Hannover GER"]
[Date "2017.10.04"]
[Round "7"]
[White "Reuter, Elisa"]
[Black "Doll, Rebecca"]
[Result "1-0"]
[Termination "normal"]
[Board "8.7"]
[WhiteElo "1910"]
[BlackElo "1589"]
[WhiteTeam "Thüringen"]
[BlackTeam "Baden 2"]
[PlyCount "101"]
[WhiteFideId "12995444"]
[BlackFideId "16236890"]
[EventCountry "GER"]
[EventRounds "7"]
[EventType "team-swiss"]
[EventDate "2017.09.29"]

1. e4 e5 2. Nf3 Nc6 3. Bc4 Bc5 4. c3 Nf6 5. d3 d6 6. Bb3 a6 7. Nbd2 Ba7 8. Nf1
Be6 9. Ng3 O-O 10. O-O Qd7 11. Bg5 Ne8 12. h3 h6 13. Bc1 Nf6 14. Bxe6 fxe6 15.
Qe2 Rae8 16. a4 a5 17. Be3 Qf7 18. Bxa7 Nxa7 19. b4 b6 20. bxa5 bxa5 21. Rab1
Nc6 22. Rb5 Rb8 23. Rfb1 Rxb5 24. Rxb5 Rb8 25. Rxb8+ Nxb8 26. Qb2 Nc6 27. Qb5
Qd7 28. Nd2 d5 29. exd5 Qxd5 30. Qa6 Kh7 31. Qb5 Nd7 32. Nb3 Na7 33. Qxa5 Qxa5
34. Nxa5 Nc5 35. Nc4 Nxa4 36. Ne4 Nb5 37. Nxe5 Naxc3 38. Nc5 Ne2+ 39. Kh2 Ned4
40. Kg3 Nd6 41. Kf4 g5+ 42. Ke3 N6f5+ 43. Ke4 Kg7 44. g4 Nb5 45. Nxe6+ Kf6 46.
gxf5 Nd6+ 47. Kd5 Nxf5 48. Ng4+ Kg6 49. Nxc7 Ne7+ 50. Ke6 Nf5 51. Ne5+ 1-0

[Event "Deutsche Ländermeisterschaft 2017"]
[Site "Hannover GER"]
[Date "2017.10.04"]
[Round "7"]
[White "Stillbauer, Jan"]
[Black "Schubert, Nikita"]
[Result "0-1"]
[Termination "normal"]
[Board "8.8"]
[WhiteElo "1570"]
[BlackElo "1842"]
[WhiteTeam "Baden 2"]
[BlackTeam "Thüringen"]
[PlyCount "64"]
[WhiteFideId "16239393"]
[BlackFideId "16212339"]
[EventCountry "GER"]
[EventRounds "7"]
[EventType "team-swiss"]
[EventDate "2017.09.29"]

1. e4 e5 2. Nf3 Nc6 3. Bb5 a6 4. Ba4 Nf6 5. O-O Be7 6. Re1 b5 7. Bb3 O-O 8. a4
b4 9. c3 d5 10. exd5 Nxd5 11. Nxe5 Nxe5 12. Rxe5 c6 13. d4 Bd6 14. Re1 Qh4 15.
g3 Qh3 16. Bxd5 cxd5 17. Nd2 Bg4 18. Qb3 Rae8 19. Rf1 Be2 20. Re1 Re6 21. Rxe2
Rxe2 22. Nf3 Qf5 23. Kg2 Rb8 24. c4 h6 25. cxd5 g5 26. Be3 Qe4 27. h3 f5 28.
Kg1 Qxf3 29. Qd3 Bxg3 30. Rf1 Bxf2+ 31. Rxf2 Rxf2 32. Bxf2 Qxd3 0-1

[Event "Deutsche Ländermeisterschaft 2017"]
[Site "Hannover GER"]
[Date "2017.10.04"]
[Round "7"]
[White "Schumann, Rabea"]
[Black "Woithe, Daniel"]
[Result "0-1"]
[Termination "normal"]
[Board "9.3"]
[WhiteElo "1868"]
[BlackElo "1793"]
[WhiteTeam "Mecklenburg-Vorpommern"]
[BlackTeam "Brandenburg"]
[PlyCount "78"]
[WhiteFideId "12918199"]
[BlackFideId "16244648"]
[EventCountry "GER"]
[EventRounds "7"]
[EventType "team-swiss"]
[EventDate "2017.09.29"]

1. c4 e6 2. g3 d5 3. Bg2 Nf6 4. Nf3 c6 5. b3 Be7 6. O-O O-O 7. Bb2 Nbd7 8. Qc2
Qc7 9. d4 b6 10. Nc3 Bb7 11. Rac1 Rac8 12. Rfd1 c5 13. cxd5 exd5 14. Ba3 Rfe8
15. dxc5 bxc5 16. Nh4 d4 17. Bxb7 Qxb7 18. Na4 Bf8 19. Ng2 g6 20. Nb2 Qa6 21.
Nc4 Nb6 22. Qd3 Nxc4 23. bxc4 Ne4 24. Nf4 Nc3 25. Rxc3 dxc3 26. Qxc3 Bg7 27.
Qd3 Qc6 28. Nd5 Kh8 29. e3 Rcd8 30. e4 Bd4 31. Kg2 Kg7 32. f3 Rd7 33. Rd2 Rb7
34. Rc2 Rb1 35. Rd2 Rg1+ 36. Kh3 Qe6+ 37. g4 h5 38. Qe2 hxg4+ 39. fxg4 Rh8# 0-1

[Event "Deutsche Ländermeisterschaft 2017"]
[Site "Hannover GER"]
[Date "2017.10.04"]
[Round "7"]
[White "Eue, Vicky"]
[Black "Fromm, Marius"]
[Result "0-1"]
[Termination "normal"]
[Board "9.4"]
[WhiteElo "1654"]
[BlackElo "1876"]
[WhiteTeam "Brandenburg"]
[BlackTeam "Mecklenburg-Vorpommern"]
[PlyCount "120"]
[WhiteFideId "12945838"]
[BlackFideId "12993190"]
[EventCountry "GER"]
[EventRounds "7"]
[EventType "team-swiss"]
[EventDate "2017.09.29"]

1. e4 e6 2. d4 d5 3. exd5 exd5 4. Nf3 Bd6 5. Bd3 Nf6 6. Bg5 O-O 7. O-O c6 8. c3
Nbd7 9. Qc2 Re8 10. Nbd2 Nf8 11. Rfe1 Rxe1+ 12. Rxe1 h6 13. Bh4 Ne6 14. Ne5 Be7
15. Ndf3 Bd7 16. Bg3 Ng5 17. Nxg5 hxg5 18. Qe2 Bf8 19. h4 g4 20. f3 gxf3 21.
Qxf3 Be6 22. h5 Ne4 23. Bxe4 dxe4 24. Qxe4 Qg5 25. Qf3 Bd5 26. Qg4 Qxg4 27.
Nxg4 Bxa2 28. Bf4 Be6 29. Nf2 a5 30. Ne4 a4 31. h6 gxh6 32. Re3 Bg7 33. Rg3 Kh8
34. Bd6 Bd5 35. Nd2 Re8 36. Kf2 Re6 37. Bc5 Rg6 38. Be7 Kh7 39. Nf1 Bf6 40.
Rxg6 Kxg6 41. Bxf6 Kxf6 42. Ne3 b5 43. Kg3 Kg5 44. Nd1 f5 45. Nf2 f4+ 46. Kh2
h5 47. Nh3+ Kf5 48. Nf2 h4 49. Kh3 Kg5 50. Nd3 f3 51. gxf3 Bxf3 52. Ne5 Bd5 53.
Nd3 Be6+ 54. Kh2 Bf5 55. Ne5 Be4 56. Nd7 Kf4 57. Nc5 Bf5 58. Na6 Ke3 59. Nb4
Be4 60. b3 axb3 0-1

[Event "Deutsche Ländermeisterschaft 2017"]
[Site "Hannover GER"]
[Date "2017.10.04"]
[Round "7"]
[White "Troyke, Jannis"]
[Black "Gericke, Luis"]
[Result "1-0"]
[Termination "normal"]
[Board "9.5"]
[WhiteElo "1937"]
[BlackElo "1517"]
[WhiteTeam "Mecklenburg-Vorpommern"]
[BlackTeam "Brandenburg"]
[PlyCount "59"]
[WhiteFideId "12993115"]
[BlackFideId "16212525"]
[EventCountry "GER"]
[EventRounds "7"]
[EventType "team-swiss"]
[EventDate "2017.09.29"]

1. e4 e5 2. Nf3 Nc6 3. Bb5 a6 4. Ba4 Nf6 5. O-O d6 6. d3 Be7 7. a3 O-O 8. Nc3
b5 9. Bb3 Bg4 10. Be3 Na5 11. Ba2 c5 12. h3 Be6 13. Nd5 Nc6 14. Ng5 Nxd5 15.
Nxe6 fxe6 16. exd5 Nd4 17. dxe6 d5 18. c4 dxc4 19. dxc4 Rf6 20. Qh5 Rg6 21. Bb1
Rxe6 22. Bxh7+ Kf8 23. f4 exf4 24. Rxf4+ Rf6 25. Bg6 Bd6 26. Qh8+ Ke7 27. Qxg7+
Ke6 28. Bf7+ Ke5 29. Qg5+ Rf5 30. Bxd4+ 1-0

[Event "Deutsche Ländermeisterschaft 2017"]
[Site "Hannover GER"]
[Date "2017.10.04"]
[Round "7"]
[White "Schiewe, Nadin"]
[Black "Großmann, Piet"]
[Result "1/2-1/2"]
[Termination "normal"]
[Board "9.6"]
[WhiteElo "1422"]
[BlackElo "1830"]
[WhiteTeam "Brandenburg"]
[BlackTeam "Mecklenburg-Vorpommern"]
[PlyCount "72"]
[WhiteFideId "16209079"]
[BlackFideId "16234359"]
[EventCountry "GER"]
[EventRounds "7"]
[EventType "team-swiss"]
[EventDate "2017.09.29"]

1. d4 e6 2. e4 d5 3. e5 c5 4. c3 Qb6 5. f4 Nc6 6. Nf3 Bd7 7. b3 Nh6 8. Bb2 Nf5
9. h3 Ne3 10. Qe2 cxd4 11. cxd4 Bb4+ 12. Kf2 Nxf1 13. Rxf1 Be7 14. Nbd2 Rc8 15.
Rac1 O-O 16. g4 Na5 17. Rg1 Rxc1 18. Rxc1 Rc8 19. Rxc8+ Bxc8 20. g5 Bd7 21. Nf1
Bb5 22. Qc2 Bxf1 23. Kxf1 Qc6 24. Qxc6 Nxc6 25. a3 Na5 26. Nd2 Kf8 27. b4 Nc4
28. Nxc4 dxc4 29. b5 a6 30. bxa6 bxa6 31. Ke2 Ke8 32. Kd2 Kd7 33. Kc3 Kc6 34.
Kxc4 g6 35. h4 Bf8 36. a4 Be7 1/2-1/2

[Event "Deutsche Ländermeisterschaft 2017"]
[Site "Hannover GER"]
[Date "2017.10.04"]
[Round "7"]
[White "Breß, Amy Charlize"]
[Black "Jungandreas, Tillmann"]
[Result "0-1"]
[Termination "normal"]
[Board "9.7"]
[WhiteElo "1602"]
[BlackElo "1479"]
[WhiteTeam "Mecklenburg-Vorpommern"]
[BlackTeam "Brandenburg"]
[PlyCount "98"]
[WhiteFideId "16233786"]
[BlackFideId "16244664"]
[EventCountry "GER"]
[EventRounds "7"]
[EventType "team-swiss"]
[EventDate "2017.09.29"]

1. e4 e5 2. Nf3 Nc6 3. Bb5 a6 4. Ba4 Nf6 5. O-O d6 6. d4 b5 7. Bb3 Bg4 8. c3
Be7 9. d5 Nb8 10. Re1 Nbd7 11. Nbd2 Nf8 12. h3 Bd7 13. Nf1 Ng6 14. Ng3 Qc8 15.
Qd3 O-O 16. Bg5 h6 17. Bd2 c5 18. dxc6 Qxc6 19. Bd5 Nxd5 20. Qxd5 Qxd5 21. exd5
f5 22. Rac1 f4 23. Ne4 Rac8 24. b3 Rc7 25. c4 bxc4 26. Rxc4 Rxc4 27. bxc4 Rc8
28. Bb4 Rxc4 29. Bxd6 Rxe4 30. Rxe4 Bxd6 31. Re1 Kf7 32. Rb1 Bb5 33. Nd2 Ne7
34. Ne4 Nf5 35. Nxd6+ Nxd6 36. Rc1 Bc4 37. Rb1 Bxa2 38. Rb6 Nf5 39. Rxa6 Bxd5
40. Ra5 Ke6 41. Kh2 e4 42. Ra1 e3 43. Re1 Kf6 44. fxe3 Nxe3 45. Re2 Bxg2 46.
Rxe3 fxe3 47. Kxg2 Kg5 48. Kf3 Kh4 49. Kxe3 Kxh3 0-1